THE BHARATIYA NAGARIK SURAKSHA SANHITA 2023 (Record no. 26348)

MARC details
000 -LEADER
fixed length control field 00339nam a22001217a 4500
003 - CONTROL NUMBER IDENTIFIER
control field SGT
082 ## - DEWEY DECIMAL CLASSIFICATION NUMBER
Classification number 345.05
Item number CLA
100 ## - MAIN ENTRY--PERSONAL NAME
Personal name CENTRAL LAW AGENCY
245 ## - TITLE STATEMENT
Title THE BHARATIYA NAGARIK SURAKSHA SANHITA 2023
Remainder of title REPEALING THE CODE OF CRIMINAL PROCEDURE 1973
260 ## - PUBLICATION, DISTRIBUTION, ETC. (IMPRINT)
Place of publication, distribution, etc PRYAGRAJ
Name of publisher, distributor, etc CENTRAL LAW AGENCY
Year of Publication 2024
300 ## - PAGE DESCRIPTION
No. of Pages 288
942 ## - ADDED ENTRY ELEMENTS (KOHA)
Source of classification or shelving scheme Dewey Decimal Classification
Koha item type Books
942 ## - ADDED ENTRY ELEMENTS (KOHA)
-- 3
Holdings
Withdrawn status Lost status Source of classification or shelving scheme Damaged status Not for loan Collection code Home library Current library Shelving location Date acquired Vendor Name Cost, normal purchase price SGTU Bill Number Full call number Accession No. (Barcode) Date last seen Bill Date Koha item type Total Checkouts Checked out Date last borrowed
    Dewey Decimal Classification   Not For Loan LAW SGT Science & Social Sciences Library SGT Science & Social Sciences Library Reference Book 18/05/2024 KISHAN LAL AND COMPANY 680.00 SGTU 363 345.05 CLA FL3438 12/02/2026 11/05/2024 Books      
    Dewey Decimal Classification     LAW SGT Science & Social Sciences Library SGT Science & Social Sciences Library Text Book 18/05/2024 KISHAN LAL AND COMPANY 680.00 SGTU 363 345.05 CLA FL3439 05/07/2024 11/05/2024 Books 1 15/09/2024 05/07/2024
    Dewey Decimal Classification     LAW SGT Science & Social Sciences Library SGT Science & Social Sciences Library Text Book 18/05/2024 KISHAN LAL AND COMPANY 680.00 SGTU 363 345.05 CLA FL3440 05/07/2024 11/05/2024 Books 1 15/09/2024 05/07/2024
    Dewey Decimal Classification     LAW SGT Science & Social Sciences Library SGT Science & Social Sciences Library Text Book 18/05/2024 KISHAN LAL AND COMPANY 680.00 SGTU 363 345.05 CLA FL3441 15/04/2026 11/05/2024 Books 9   28/03/2026
    Dewey Decimal Classification     LAW SGT Science & Social Sciences Library SGT Science & Social Sciences Library Text Book 18/05/2024 KISHAN LAL AND COMPANY 680.00 SGTU 363 345.05 CLA FL3442 16/05/2026 11/05/2024 Books 6   15/04/2026